000 02025nam a2200433 i 4500
001 193313
003 SpMaBN
005 20250709194405.0
007 ta
008 231102s1991 sp a | ||||o001 0 spa
017 _aTO 2059-1991
_bOficina Depósito Legal Toledo
020 _a8487103273
035 _a(OCoLC)636786482
035 _aa4878581
040 _aSpMaBN
_bspa
_cSpMaBN
_erdc
_dES-MaACL
080 _a73 León, Rafael de
080 _a73 Villoldo, Luis de
100 1 _aRodríguez Quintana, M. I.
_0XX5037682
_eaut
_9234454
245 1 3 _aEl obrador de escultura de Rafael de León y Luis de Villoldo :
_bun exponente de la plástica toledana en la segunda mitad del siglo XVI /
_cM.I. Rodríguez Quintana.
260 _aToledo :
_bInstituto Provincial de Investigaciones y Estudios Toledanos,
_c1991.
300 _aXXII, 346 páginas (algunas pleg.), [48] páginas de láminas :
_bplanos ;
_c24 cm
336 _2rdacontent
_aTexto
337 _2rdamedia
_asin mediación
338 _2rdacarrier
_avolumen
490 1 _aSerie I, Monografías / Instituto Provincial de Investigaciones y Estudios Toledanos ;
_v28
500 _aÍndices
504 _aBibliografía: páginas 315-319.
600 1 _aLeón, Rafael de,
_dca. 1525-1593
_2embne
_9234526
600 1 7 _aVilloldo, Luis de,
_dm. 1600
_2embne
_9234456
650 4 _9147421
_aEscultura-
_zToledo
710 2 _95217
_aInstituto Provincial de Investigaciones y Estudios Toledanos
830 _9230639
_aInstituto Provincial de Investigaciones y Estudios Toledanos. Serie primera monografías ;
_v28
852 _aES-MaACL
_9200756
_bR.154777
_cDEPOJ
_jN-9516
_hDonación: M.I. Rodríguez Quintana
_gDedicatoria autógrafa de la autora
_xEncuadernación rústica
942 _n0
_cMONOGRAFIA
999 _c193313
_d193313